|
|
|
|
| LEADER |
00000nab a2200000uu 4500 |
| 001 |
vtls010877511 |
| 003 |
SK-MaSNL |
| 005 |
20260303145131.0 |
| 008 |
230222|1973 xo |||||||||||||||||slo| |
| 015 |
|
|
|a SNBRB
|
| 035 |
|
|
|a (urnnbn)urn:nbn:sk:snk:ar-005sfv
|
| 035 |
|
|
|a (uuid)04a31889-54c5-429a-9a47-3537a7d486ef
|
| 035 |
|
|
|a urn:nbn:sk:snk-ab7lwu
|
| 040 |
|
|
|a SNKBUCL
|b slo
|c SNKBUCL
|e AACR2
|
| 041 |
0 |
|
|a slo
|
| 044 |
|
|
|a xo
|c SK
|
| 100 |
1 |
|
|a Stachová, Marta,
|d 1948-2015
|4 aut
|9 8203
|
| 245 |
1 |
0 |
|a WOLFGANG KOTHE, ARCHÍVY KINO-FOTO-FONODOKUMENTOV
|c Marta Bezúchová
|
| 773 |
0 |
|
|t Slovenská archivistika
|g Roč. 8, č. 1 (1973), s. 168-171
|
| 954 |
|
|
|a odborná, vedecká literatúra pôvodná (slovenská)
|2 lita
|
| 958 |
|
|
|a OND
|
| 958 |
|
|
|a EUIPO
|
| 958 |
|
|
|a article8
|
| 999 |
|
|
|c 2000745
|d 2002675
|